Les 200 premiers mots du seigneur des anneaux (Livre I) - Statistiques

Statistiques générales
  • Ce quiz a été pris 1 005 fois
  • Le résultat moyen est 75 sur 200
Statistiques - réponses
Mot % Correct
a
97%
à
97%
A
97%
l'
92%
d'
88%
le
87%
Le
87%
la
82%
La
82%
de
79%
un
79%
Hobbit.
76%
Hobbit
76%
il
76%
et
75%
les
69%
Les
69%
une
68%
des
66%
dès
66%
Ce
65%
ce
65%
Est
65%
du
56%
dans
55%
Mais
55%
mais
55%
pour
55%
par
53%
son
53%
On
52%
en
51%
ils
51%
que
51%
Bilbon
50%
qui
47%
ne
45%
histoire.
41%
histoire
41%
Histoire
41%
ses
41%
peu
39%
car
38%
cet
38%
livre
38%
Livre
38%
livre.
38%
sont
36%
nous
34%
sur
33%
leur
32%
Ouest
31%
plus
30%
Hobbits,
29%
Hobbits
29%
sous
29%
aventure
28%
aventure.
28%
monde
28%
même,
27%
part
26%
tous
26%
sans
25%
voyage
24%
fut
23%
lui-
23%
peuple
23%
premier
23%
temps
22%
aller
21%
retour,
20%
retour :
20%
très
17%
pages
16%
Age,
15%
jours ;
15%
nos
15%
autres
13%
première
13%
ancien,
12%
ancien
12%
Rouge
12%
Marche
11%
quelques
11%
titre :
10%
aussi
9%
bonne
9%
chapitres
8%
mesure
8%
origine
8%
premiers
8%
présente
8%
traite
8%
trouver
8%
ici
7%
large
7%
pourra
7%
savoir
7%
certains
6%
donna
6%
hobbite,
6%
lecteur
6%
paix,
6%
personnes,
6%
puisqu'
6%
aiment
5%
déjà
5%
nombreux
5%
point
5%
tradition
5%
caractère
4%
événements
4%
peuvent
4%
abord
3%
découvrira
3%
devenir
3%
entier ;
3%
importants
3%
publiés
3%
composé
2%
davantage
2%
devait
2%
doute
2%
extraits
2%
fameux
2%
intention
2%
lecteurs
2%
notes
2%
points
2%
posséder
2%
rappelons
2%
rapportés.
2%
remarquable ;
2%
renseignements
2%
telles
2%
traitaient
2%
tranquilité
2%
voudront
2%
brièvement
1%
effacé
1%
engager
1%
maints
1%
réunissons
1%
Aucun quiz correspondant
Distribution des résultats
% des personnes avec chaque résultat
Percentile par nombre de réponses
Votre historique - résultats
Vous n’avez pas pris ce quiz